000 00287nam a22001337a 4500
003 SGT
082 _a370
_bM14K
100 _aKUMAR, R.K.
245 _aMETHODS OF TEACHING
260 _aNEW DELHI
_bKHEL SAHITYA KENDRA
_c2014
300 _a293
650 _aEDUCATION
942 _2ddc
_cBK
_01
999 _c12263
_d12263